Bài tập lịch sử 12

محفوظ في:
التفاصيل البيبلوغرافية
المؤلف الرئيسي: Nguyễn, Sĩ Quế
التنسيق: كتاب
اللغة:Undetermined
منشور في: Hà Nội Giáo dục 2009
الموضوعات:
الوسوم: إضافة وسم
لا توجد وسوم, كن أول من يضع وسما على هذه التسجيلة!
Thư viện lưu trữ: Trung tâm Học liệu Trường Đại học Cần Thơ
LEADER 00621nam a2200205Ia 4500
001 CTU_159099
008 210402s9999 xx 000 0 und d
020 |c 9700 
082 |a 959.70712 
082 |b Qu507 
100 |a Nguyễn, Sĩ Quế 
245 0 |a Bài tập lịch sử 12 
245 0 |c Nguyễn Sĩ Quế, Nguyễn Mai Anh, Vũ Thị Ánh Tuyết 
260 |a Hà Nội 
260 |b Giáo dục 
260 |c 2009 
650 |a History,Lịch sử 
650 |x Teacher's book,Sách giáo viên 
904 |i QHieu 
980 |a Trung tâm Học liệu Trường Đại học Cần Thơ